MARC

Tag First Indicator Second Indicator Subfields
LEADER 00000cgm a2200000Mi 4500
001 in00003492921
005 20190407115032.0
006 m o c
007 vz |zazu|
007 cr |n|---||a|a
008 080405s1982 xx 028 o vleng d
019 |a 502467404 
035 |a (OCoLC)ocn593764732 
035 |a (OCoLC)593764732  |z (OCoLC)502467404 
040 |a ALSTP  |b eng  |c ALSTP  |d CUS  |d OCLCQ  |d VMC  |d OCLCQ  |d OCLCO  |d XFF  |d OCLCQ  |d UtOrBLW 
049 |a TXAM 
050 4 |a GV1790.T73  |b T73 1982 
050 4 |a AE5  |b .A700 Internet 
245 0 0 |a Transfigured night /  |c composed by Arnold Franz Walter Schoenberg ; performed by Gerald Tibbs, and others ; conducted by Ed Spanjaard ; choreographed by Jiří Kylián ; Netherlands Ballet Orchestra. 
264 1 |a [Place of publication not identified] :  |b ArtHaus Musik,  |c 1982. 
300 |a 1 online resource (1 streaming video (28 min.)) 
336 |a two-dimensional moving image  |b tdi  |2 rdacontent 
337 |a computer  |b c  |2 rdamedia 
338 |a online resource  |b cr  |2 rdacarrier 
347 |a video file  |2 rda 
588 |a Description based on print version record. 
500 |a Electronic resource. 
650 0 |a Ballets. 
655 7 |a Short films.  |2 lcgft 
655 7 |a Internet videos.  |2 lcgft 
655 7 |a Filmed dance.  |2 lcgft 
700 1 |a Schoenberg, Arnold,  |d 1874-1951. 
700 1 |a Tibbs, Gerald. 
700 1 |a Solan, Jeanne. 
700 1 |a Christe, Nils. 
700 1 |a Boven, Arlette van. 
700 1 |a McCullough, Richard. 
700 1 |a Matthews, Leigh. 
700 1 |a Spanjaard, Ed. 
700 1 |a Kylian, Jiri,  |d 1947- 
700 1 |a Schoenberg, Arnold,  |d 1874-1951.  |t Verklärte Nacht. 
710 2 |a Nederlands Balletorkest. 
730 0 |a Verklärte Nacht (Choreographic work : Kylián) 
830 0 |a Dance in video. 
856 4 0 |u http://proxy.library.tamu.edu/login?url=http://www.aspresolver.com/aspresolver.asp?DAIV;453454  |z Connect to this online video  |t 0 
856 4 0 |u http://proxy.library.tamu.edu/login?url=http://www.aspresolver.com/aspresolver.asp?VASC;453454  |z Connect to this online video  |t 0 
994 |a 92  |b TXA 
999 |a MARS 
999 f f |s 90d6e743-eed9-300f-a5b0-b5b90f69923d  |i 5ae16bf0-4f55-3416-aa6c-24642b87f2cd  |t 0 
952 f f |a Texas A&M University  |b College Station  |c Electronic Resources  |d Available Online  |t 0  |e AE5 .A700 Internet  |h Library of Congress classification 
998 f f |a AE5 .A700 Internet  |t 0  |l Available Online